Work and occupations <an> international sociological journal

Salvato in:
Dettagli Bibliografici
Natura: Periodico
Lingua:inglese
Pubblicazione: London SAGE Publ. 1996
Soggetti:
Tags: Aggiungi Tag
Nessun Tag, puoi essere il primo ad aggiungerne!!

MARC

LEADER 00000nas2a2200000 4500
001 s107591
005 20221221071904.2
022 |a 0730-8884 
041 0 |a eng 
044 |a US 
245 1 0 |a Work and occupations  |b <an> international sociological journal 
264 1 |a London  |b SAGE Publ.  |c 1996 
300 |a 1 zv. 
500 |a Chýba č. 1 
773 0 |w eu_un_cat*s120291 
610 2 0 |a práca 
610 2 0 |a zamestnanosť